| 000 | 01195cam a2200289 a 4500 | ||
|---|---|---|---|
| 001 | 3020 | ||
| 005 | 20250611102221.0 | ||
| 020 | _a9780439839679 | ||
| 040 |
_aDLC _cDLC _dDLC _beng |
||
| 050 | 0 | 0 | _aE241.L6 |
| 082 | 0 | 0 | _a973.3 |
| 100 | 1 | _aFradin, Dennis Brindell | |
| 245 | 1 | 0 |
_aLet it begin here! : _bLexington & Concord : first battles of the American Revolution / _cDennis Brindell Fradin ; illustrations by Larry Day. |
| 250 | _aFirst Scholastic printing, January 2006 | ||
| 260 |
_aNew York : _bScholastic, _c2005 |
||
| 300 |
_a26 unnumbered pages : _bcolor illustrations, maps ; _c29 cm. |
||
| 500 | _aMap on lining papers. | ||
| 505 | _aZ | ||
| 520 | _aDescribes the events that led up to the historic battles that began the American Revolution and discusses the consequences for the leaders and soldiers who fought in them. | ||
| 521 |
_a910
_bLexile |
||
| 521 |
_aZ
_bRaz-Plus |
||
| 650 | 0 |
_aLexington, Battle of, Lexington, Mass., 1775 _vJuvenile literature. |
|
| 650 | 0 |
_aConcord, Battle of, Concord, Mass., 1775 _vJuvenile literature. |
|
| 700 | 1 |
_aDay, Larry _d1956- _eillustrator |
|
| 906 |
_a7 _bcbc _corignew _d1 _eocip _f20 _gy-gencatlg |
||
| 942 |
_2ddc _cBK _n0 |
||
| 999 |
_c3020 _d3020 |
||